Zaklínač II Meč osudu /
Druhá poviedková kniha Meč osudu je fantastickým čítaním o zaklínačovi Geraltovi z Rivie, ako bojuje proti démonom, príšerám a predsudkom. Zaklínača zaujímajú len odmeny za hlavy príšer, aby mal čo jesť a kde spať. Napriek tomu ho nohy zavedú za čarodejkou Yennefer, na čo zaklínač takmer vždy doplat...
Uloženo v:
| Hlavní autor: | |
|---|---|
| Médium: | E-kniha |
| Jazyk: | Czech |
| Vydáno: |
Praha :
Albatros Media Slovakia s.r.o.,
2020
|
| Tagy: |
Žádné tagy |
| LEADER | 01560nam a22002297i 4500 | ||
|---|---|---|---|
| 001 | 311522 | ||
| 007 | ta | ||
| 008 | 260601s2020 xr ||||| |||| 00| 0 cze d | ||
| 020 | |a 9788056617366 | ||
| 044 | |a xr | ||
| 100 | 1 | |a Sapkowski, Andrzej |4 aut | |
| 245 | 1 | 0 | |a Zaklínač II Meč osudu / |c Sapkowski, Andrzej |
| 240 | 1 | 0 | |a MIECZ PRZEZNACZENIA |
| 264 | 1 | |a Praha : |b Albatros Media Slovakia s.r.o., |c 2020 | |
| 300 | |a 1 online zdroj (408 stran) | ||
| 336 | |a text |b txt |2 rdacontent | ||
| 337 | |a bez média |b n |2 rdamedia | ||
| 338 | |a online zdroj |b cr |2 rdacarrier | ||
| 520 | 2 | |a Druhá poviedková kniha Meč osudu je fantastickým čítaním o zaklínačovi Geraltovi z Rivie, ako bojuje proti démonom, príšerám a predsudkom. Zaklínača zaujímajú len odmeny za hlavy príšer, aby mal čo jesť a kde spať. Napriek tomu ho nohy zavedú za čarodejkou Yennefer, na čo zaklínač takmer vždy doplatí a zisťuje, že nič nie je čierne ani biele. A zovšadiaľ na neho číha osud, v ktorý odmieta uveriť. Temný les dryád ho s jeho osudom nečakane spojí, a nech sa Geralt akokoľvek snaží, ujsť pred ním nemôže. | |
| 910 | |a RBIT002 | ||
| 998 | |d 349557 |a https://core.palmknihy.cz/api/books/349557/cover?sgozlz |b https://core.palmknihy.cz/api/books/349557/cover/400?sgozlz |c https://core.palmknihy.cz/api/books/349557/cover/50?sgozlz |e 2029-12-31 |g 408 |i 9788056617366 |j https://core.palmknihy.cz/api/books/349557/preview.epub |k https://core.palmknihy.cz/api/books/349557/preview.pdf |l |q 49 |r 1 |s https://www.palmknihy.cz/kniha/349557 |t ebook |y 2020 |z 1 | ||
| 999 | |d 311520 | ||